<?xml version="1.0" encoding="UTF-8"?><?xml-stylesheet type="text/xsl" href="static/style.xsl"?><OAI-PMH xmlns="http://www.openarchives.org/OAI/2.0/" xmlns:xsi="http://www.w3.org/2001/XMLSchema-instance" xsi:schemaLocation="http://www.openarchives.org/OAI/2.0/ http://www.openarchives.org/OAI/2.0/OAI-PMH.xsd"><responseDate>2026-04-17T23:31:08Z</responseDate><request verb="GetRecord" identifier="oai:www.recercat.cat:2072/180658" metadataPrefix="marc">https://recercat.cat/oai/request</request><GetRecord><record><header><identifier>oai:recercat.cat:2072/180658</identifier><datestamp>2024-12-13T10:07:25Z</datestamp><setSpec>com_2072_63437</setSpec><setSpec>com_2072_63434</setSpec><setSpec>com_2072_63412</setSpec><setSpec>com_2072_2015</setSpec><setSpec>col_2072_63438</setSpec></header><metadata><record xmlns="http://www.loc.gov/MARC21/slim" xmlns:dcterms="http://purl.org/dc/terms/" xmlns:xsi="http://www.w3.org/2001/XMLSchema-instance" xmlns:doc="http://www.lyncode.com/xoai" xsi:schemaLocation="http://www.loc.gov/MARC21/slim http://www.loc.gov/standards/marcxml/schema/MARC21slim.xsd">
   <leader>00925njm 22002777a 4500</leader>
   <datafield ind2=" " ind1=" " tag="042">
      <subfield code="a">dc</subfield>
   </datafield>
   <datafield ind2=" " ind1=" " tag="720">
      <subfield code="a">Phillips Lopez, Kathleen</subfield>
      <subfield code="e">author</subfield>
   </datafield>
   <datafield ind2=" " ind1=" " tag="520">
      <subfield code="a">El objetivo de nuestro prácticum y tema elegido para desarrollar en este contexto es la creación de un curso formativo dirigido a las personas de atención directa y técnicos que trabajan en el Centro de Día y Centro Residencial de la Asociación de Discapacitados de Lanzarote. El curso versará sobre los trastornos relacionados con la psicosis y trastornos del estado de ánimo que se pueden asociar a estos, centrándonos en los síntomas y su detección en clientes con discapacidad.</subfield>
   </datafield>
   <datafield ind2=" " ind1=" " tag="520">
      <subfield code="a">L'objectiu del nostre pràcticum i tema triat per desenvolupar en aquest context és la creació d'un curs formatiu adreçat a les persones d'atenció directa i tècnics que treballen al Centre de Dia i Centre Residencial de l'Associació de Discapacitats de Lanzarote. El curs versarà sobre els trastorns relacionats amb la psicosi i trastorns de l'estat d'ànim que es poden associar a aquests, centrant-nos en els símptomes i la seva detecció en clients amb discapacitat.</subfield>
   </datafield>
   <datafield ind1="8" ind2=" " tag="024">
      <subfield code="a">http://hdl.handle.net/10609/11743</subfield>
   </datafield>
   <datafield tag="653" ind2=" " ind1=" ">
      <subfield code="a">centres de dia</subfield>
   </datafield>
   <datafield tag="653" ind2=" " ind1=" ">
      <subfield code="a">centros de día</subfield>
   </datafield>
   <datafield tag="653" ind2=" " ind1=" ">
      <subfield code="a">day care centers</subfield>
   </datafield>
   <datafield tag="653" ind2=" " ind1=" ">
      <subfield code="a">Day care centers</subfield>
   </datafield>
   <datafield tag="653" ind2=" " ind1=" ">
      <subfield code="a">Centres de dia</subfield>
   </datafield>
   <datafield tag="653" ind2=" " ind1=" ">
      <subfield code="a">Centros de día</subfield>
   </datafield>
   <datafield ind2="0" ind1="0" tag="245">
      <subfield code="a">Asociación de Discapacitados de Lanzarote</subfield>
   </datafield>
</record></metadata></record></GetRecord></OAI-PMH>